Bachelor of arts : (Record no. 4004)

MARC details
000 -LEADER
fixed length control field 00568cam a2200145 4500
001 - CONTROL NUMBER
control field 4820
005 - DATE AND TIME OF LATEST TRANSACTION
control field 20181127174214.0
008 - FIXED-LENGTH DATA ELEMENTS--GENERAL INFORMATION
fixed length control field 110509s2010 xna b 000 0 eng d
010 ## - LIBRARY OF CONGRESS CONTROL NUMBER
LC control number 2011381660
245 14 - TITLE STATEMENT
Title Bachelor of arts :
Remainder of title Environmental studies PS 122 : Basic demographic methods /
Statement of responsibility, etc. Compiled by Leishipem Khamrang(PhD).
260 ## - PUBLICATION, DISTRIBUTION, ETC.
Place of publication, distribution, etc. [Thimphu] :
Name of publisher, distributor, etc. Royal Thimphu College,
Date of publication, distribution, etc. [2015].
500 ## - GENERAL NOTE
General note Xerographic copy in a binder.
520 ## - SUMMARY, ETC.
Summary, etc. Bachelor of Arts: Environmental Studies PS 122 : Basic Demographic Methods coursepack.
650 #0 - SUBJECT ADDED ENTRY--TOPICAL TERM
Topical term or geographic name entry element Environmental Studies.
General subdivision
Form subdivision
Holdings
Withdrawn status Lost status Source of classification or shelving scheme Damaged status Not for loan Collection code Home library Current library Shelving location Date acquired Serial Enumeration / chronology Inventory number Full call number Barcode Date last seen Price effective from Koha item type
    Dewey Decimal Classification     Binding Materials. RTC Library RTC Library Binding 25/02/2021 7624 363.7 KHA 30007759 27/11/2018 27/11/2018 Binder
Royal Thimphu College || All Right Reserved